Riconosci il Pokémon - Quiz n°423 - Statistics

Statistiche generali
  • Questo quiz è stato fatto 0 volte
  • Il punteggio medio è 0 su 10
Statistiche sulle risposte
Indizio Risposta % Corretto
Altezza 0,8 m, 0,7 m (Alola)
0%
Peso 30,0 kg; 21,0 kg (Alola)
0%
Sesso 50% ♂, 50% ♀
0%
Tasso di cattura 75 (17.5%)
0%
Tipo Elettro; Elettro / Psico (Alola)
0%
Tasso di allevamento Medio-Veloce
0%
Generazione Prima
0%
Pokémon Raichu
0%
Stadio evoluzione Seconda evoluzione
0%
Abilità Statico; Parafulmine; Codasurf (Alola)
0%
Nessun quiz corrispondente trovato
Distribuzione punteggi
Percentuale di utenti per punteggio
Percentile per numero di risposta
I tuoi punteggi nel tempo
Non hai fatto questo quiz